000 00646nam a2200193 i 4500
001 62653
003 ES-MaACL
005 20250827232402.0
007 t|
008 031124s1945 ag ||||1| spa d
100 1 _aFernández de Castillejo, Federico.
_949636
245 1 3 _aLa ilusión en la conquista
_b: género de los mitos y leyendas americanas /
_cFederico Fernández de Castillejo.
260 _aBuenos Aires :
_bAtalaya,
_c[1945] (
_fLa Mundial)
300 _a157 p. ;
_c20 cm.
490 1 _aHumanidad ;
_v3
830 0 0 _aHumanidad (Atalaya)
_v3
_9220374
852 _aES-MaACL
_jC-3956
_bR.23594
999 _c62653
_d62653